Aivanhô

Đã lưu trong:
Chi tiết về thư mục
Tác giả chính: Scốt Oantơ
Định dạng: Sách
Các nhãn: Thêm thẻ
Không có thẻ, Là người đầu tiên thẻ bản ghi này!
Thư viện lưu trữ: Mạng thư viện Đại học Đà Nẵng
LEADER 00675nam a2200217 4500
001 000004688
003 829
005 20150812140838.0
008 110803s sd
100 0 |a Scốt Oantơ 
245 0 0 |a Aivanhô  |c Scốt Oantơ 
774 |a Scốt Oantơ  |b In lần thứ 2  |d Đà Nẵng  |d Nxb: Đà Nẵng  |d 1986  |g Tập 1  |h 364 tr  |w 832 
774 |a Scốt Oantơ  |b In lần thứ 2  |d Đà Nẵng  |d Nxb: Đà Nẵng  |d 1986  |g Tập 2  |h 364 tr  |w 833 
OWN |a LSP 
999 |a From the UDN01 
TYP |a Monograph 
TYP |a Printed language 
980 |a Mạng thư viện Đại học Đà Nẵng